| 000 | 00379nam a2200157 a 4500 | ||
|---|---|---|---|
| 005 | 20140414131927.0 | ||
| 008 | 101027s19uu xx 00 eng d | ||
| 020 | _a0-307-62349-1 | ||
| 050 |
_aER _bT14 1993 |
||
| 100 | _aPotter, Beatrix | ||
| 245 | _aThe tale of Peter Rabbit. | ||
| 260 |
_bGolden Book, _aNew York : _c1993. |
||
| 440 | _a | ||
| 650 | _a | ||
| 999 |
_c112062 _d112062 |
||